000 00453nam a2200169 i 4500
001 147553
003 ES-MaACL
005 20231204175218.0
007 t|
008 071003q1982 sp ||||1| spa d
100 1 _aUrabayen, Félix,
_d1883-1943
_9112048
245 1 0 _aToledo la despojada /
_cFéliz Urabayen.
260 _a[Madrid :
_bCalpe,
_c1924]
300 _a260 p. :
_bil. ;
_c20 cm.
852 _aES-MaACL
_jF-1158
999 _c147553
_d147553